00466 2200181 4500001002100000008004100021035002000062245004400082100002300126250000600149260003000155300002600185020002200211084001700233082001100250650000800261990001500269INLIS000000000003381 ind  a0010-0526000004 aX-Press TKA GeograficWahyu Deni Aryani aAryani, Wahyu Deni a1 aJakarta :bErlanggac2025 a180 hlmc21 x 25.5 cm a978-623-522-798-6 a910.01 WAH x a910.01 aTKA a20035/B/26